Les meilleurs buteurs de Premier League par saison - Statistiques

Statistiques générales
  • Ce quiz a été pris 1 755 fois
    693 depuis la dernière actualisation
  • Le résultat moyen est 26 sur 35
Statistiques - réponses
Saison Nationalité Vainqueur Équipe Nombres de but % Correct
2022/23 Norvège Erling Haaland Manchester City 36
100%
2021/22 Égypte Mohamed Salah Liverpool 23
100%
2018/19 Égypte Mohamed Salah Liverpool 22
100%
2017/18 Égypte Mohamed Salah Liverpool 32
100%
2020/21 Angleterre Harry Kane Tottenham 23
99%
2016/17 Angleterre Harry Kane Tottenham 29
99%
2015/16 Angleterre Harry Kane Tottenham 25
99%
2021/22 Corée du Sud Heung-min Son Tottenham 23
99%
2018/19 Sénégal Sadio Mané Liverpool 22
98%
2009/10 Côte d'Ivoire Didier Drogba Chelsea 29
97%
2006/07 Côte d'Ivoire Didier Drogba Chelsea 20
97%
2014/15 Argentine Sergio Agüero Manchester City 26
97%
2019/20 Angleterre Jamie Vardy Leicester City 23
96%
2005/06 France Thierry Henry Arsenal 27
96%
2004/05 France Thierry Henry Arsenal 25
96%
2003/04 France Thierry Henry Arsenal 30
96%
2001/02 France Thierry Henry Arsenal 24
96%
2007/08 Portugal Cristiano Ronaldo Manchester United 31
94%
2013/14 Uruguay Luis Suárez Liverpool 31
94%
2018/19 Gabon Pierre-Emerick Aubameyang Arsenal 22
94%
2012/13 Pays-Bas Robin van Persie Manchester United 26
89%
2011/12 Pays-Bas Robin van Persie Arsenal 30
89%
2008/09 France Nicolas Anelka Chelsea 19
69%
2002/03 Pays-Bas Ruud van Nistelrooy Manchester United 25
69%
2010/11 Argentine Carlos Tévez Manchester City 20
65%
1996/97 Angleterre Alan Shearer Newcastle United 25
59%
1995/96 Angleterre Alan Shearer Blackburn 31
59%
1994/95 Angleterre Alan Shearer Blackburn 34
59%
1997/98 Angleterre Michael Owen Liverpool 18
49%
1993/94 Angleterre Andy Cole Newcastle United 34
16%
2000/01 Pays-Bas Jimmy Hasselbaink Chelsea 23
11%
1998/99 Pays-Bas Jimmy Hasselbaink Leeds United 18
11%
1992/93 Angleterre Teddy Sheringham Nottingham Forest / Tottenham 22
6%
1999/00 Angleterre Kevin Phillips Sunderland 30
3%
1997/98 Angleterre Dion Dublin Coventry City 18
1%
Aucun quiz correspondant
Distribution des résultats
% des personnes avec chaque résultat
Percentile par nombre de réponses
Votre historique - résultats
Vous n’avez pas pris ce quiz depuis la dernière actualisation